000 00559nam a22001937a 4500
005 20251108165330.0
008 250721s1982 xx 000 0 ara d
082 1 4 _a636.2/روي
100 1 _aروي، جي . اج. بي
245 1 0 _aالعجل /
250 _aط3
264 1 _aالبصرة :
_bجامعة البصرة،
_c1982.
300 _a- ج
650 1 7 _aالأبقار
700 1 _aعبد الكريم، فؤاد عبد اللطيف
_eترجمة
700 1 _aالعطار، علي عبد الكريم
942 _2ddc
_cBK
999 _c25319
_d25319